Quiz Jetpunk ou non ? Mort Subite (1) - Statistiques

Statistiques générales
  • Ce quiz a été pris 28 fois
  • Le résultat moyen est 3 sur 16
Answers on the Grid
Answers color-coded by a green-red scale on the quiz's grid according to % correct below.
A-t-il connu ... Georges Washington ?
Algorithmes De Tri
Arrêt du Bus De Ville de Châteaudun
Champions les plus joués aux Worlds LoL
Chanson d'automne - Verlaine (vers par vers)
Configuration possible d'une batterie de distribution
Couleur des billets au Monopoly
Dans quel département se trouve cet orgue ? (8)
Déclinaisons de latin
Déterminants en allemand
Extensions du Dixit
Feur
Kaamelott S2 épisode 10
Les compos de Liverpool 0-1 PSG (24/25)
Les personnages du film Werewolf by Night
Les Pokémon qui portent un objet
Les titres des albums : Yakari
MisterMV - Speed René - Paroles
Modèles Bugatti par année
Neur
Nom Commun, Vernaculaire et Famille des végétaux - 4
Odonates de Guyane par images (3)
One Direction - Chansons començant par H
Ont-ils déjà joué avec... Steven Seagal ?
Pays sans médaille olympique (Paris 2024)
Pays sans rouge sur leur drapeau
Personnages par fréquence d'apparition : Le Silmarillion
Présidents de la Barbade
Présidents du Tadjikistan
Relations interpersonnelles
Rues de Lannion - Carte quizz
Tous les arbres de Zelda Tears of the Kingdom
 
Statistiques - réponses
Réponse % Correct
Arrêt du Bus De Ville de Châteaudun
38%
Les compos de Liverpool 0-1 PSG (24/25)
33%
Pays sans rouge sur leur drapeau
33%
Les Pokémon qui portent un objet
29%
Configuration possible d'une batterie de distribution
24%
Dans quel département se trouve cet orgue ? (8)
19%
Déclinaisons de latin
19%
Nom Commun, Vernaculaire et Famille des végétaux - 4
19%
One Direction - Chansons començant par H
19%
Ont-ils déjà joué avec... Steven Seagal ?
19%
Extensions du Dixit
14%
Les personnages du film Werewolf by Night
14%
Neur
14%
Présidents du Tadjikistan
14%
MisterMV - Speed René - Paroles
10%
Relations interpersonnelles
5%
Aucun quiz correspondant
Distribution des résultats
% des personnes avec chaque résultat
Percentile par nombre de réponses
Votre historique - résultats
Vous n’avez pas pris ce quiz